| 000 | 00921cam a22003135a 4500 | ||
|---|---|---|---|
| 001 | 19415809 | ||
| 005 | 20171114151924.0 | ||
| 008 | 161222s2017 enka frbd 001 0 eng d | ||
| 010 | _a 2016059008 | ||
| 020 | _a9781292176079 (print) | ||
| 040 |
_aDLC _beng _cDLC _dDLC _dEG-ScBUE |
||
| 043 | _ae-uk-en | ||
| 082 | 0 | 4 |
_a 346.4203 _bCOO _222 |
| 100 | 1 |
_aCooke, John _c(Law teacher) |
|
| 245 | 1 | 0 |
_aLaw of tort / _cJohn Cooke. |
| 250 | _a13th ed. | ||
| 260 |
_aHarlow : _bPearson Education, _c2017. |
||
| 300 |
_axxxviii, 576 p. : _bill. ; _c25 cm. |
||
| 490 | 0 | _aFoundation series | |
| 500 | _aIncludes glossary. | ||
| 504 | _aIncludes bibliographical references and index. | ||
| 650 | 7 |
_aTorts _zEngland. _2BUEsh |
|
| 650 | 7 |
_aNegligence _zEngland. _2BUEsh |
|
| 650 | 7 |
_aLiability (Law) _zEngland. _2BUEsh |
|
| 651 | _2BUEsh | ||
| 653 |
_bLLAAWW _cNovember2017 |
||
| 655 |
_vReading book _934232 |
||
| 942 | _2ddc | ||
| 999 |
_c25579 _d25551 |
||